Normal view
MARC view
- Bergey Alyce
Entry Personal Name
001 - CONTROL NUMBER
- control field: 7477
003 - CONTROL NUMBER IDENTIFIER
- control field: OSt
005 - DATE AND TIME OF LATEST TRANSACTION
- control field: 20200217092555.0
008 - FIXED-LENGTH DATA ELEMENTS
- fixed length control field: 200217|| aca||aabn | a|a d
040 ## - CATALOGING SOURCE
- Original cataloging agency: OSt
- Transcribing agency: OSt
100 ## - HEADING--PERSONAL NAME
- Personal name: Bergey Alyce
670 ## - SOURCE DATA FOUND
- Source citation: Work cat.: (OSt): Bergey Alyce, Young Jesus In the Temple, 1986